00350nam a2200121Ia 4500008004100000041000800041082001400049100001600063245004500079260006500124300003000189365000900219240624s9999 xx 000 0 und d aeng a332.6 KEL aKELLY JASON aNEW TYCOONS INSIDE THE TRILLION DOLLAR P c2012aEquity Industry That Owns EverythingbBloomberg Press axi, : 256 : p. : cm. ; 26 cb30